| 000 | 01276cam a22003254a 4500 | ||
|---|---|---|---|
| 001 | 740481 | ||
| 003 | NUST - PNEC | ||
| 005 | 20170116181057.0 | ||
| 007 | cr_||||||||||| | ||
| 008 | 990120s1999 si a f 001 0 eng | ||
| 010 | _a 99017898 | ||
| 020 | _a9810248555 (electronic bk.) | ||
| 020 | _a9810234732 (alk. paper) | ||
| 040 |
_aDLC _cLIBRARY _dDLC |
||
| 042 | _apcc | ||
| 050 | 0 | 0 |
_aTK7871 _b.G36 1999 |
| 082 | 0 | 0 |
_a621.381 GAO _221 |
| 100 | 1 |
_aGao, Wei, _cPh. D. |
|
| 245 | 1 | 3 |
_aAn introduction to electronic and ionic materials / _cWei Gao, Nigel M. Sammes. |
| 260 |
_aSingapore ; _aRiver Edge, NJ : _bWorld Scientific, _cc1999. |
||
| 300 |
_axxiii, 357 p. : _bill. ; _c23 cm. |
||
| 504 | _aIncludes bibliographical references (p. 345-349) and index. | ||
| 530 | _aAlso available as an electronic book via the World Wide Web to institutions affiliated with netLibrary, Inc. | ||
| 650 | 0 |
_aElectronics _xMaterials. |
|
| 650 | 0 | _aIonic crystals. | |
| 700 | 1 | _aSammes, Nigel M. | |
| 856 | 4 | 1 | _uhttp://www.netLibrary.com/urlapi.asp?action=summary&v=1&bookid=65717 |
| 942 |
_2ddc _cBK |
||
| 999 |
_c68575 _d68575 |
||